[Event "EU-Cup (Women) 19th"]
[Site "Bilbao"]
[Date "2014.09.16"]
[Round "3.1"]
[White "Kashlinskaya, Alina"]
[Black "Zaiatz, Elena"]
[Result "1-0"]
[WhiteElo "2433"]
[BlackElo "2401"]
[PlyCount "197"]
[EventDate "2014.09.14"]
[EventType "team-swiss"]
[EventRounds "7"]
[EventCountry "ESP"]
[SourceTitle "CBM 162 Extra"]
[Source "ChessBase"]
[SourceDate "2014.10.17"]
[SourceVersion "1"]
[SourceVersionDate "2014.10.17"]
[SourceQuality "1"]
[WhiteTeam "SHSM (W)"]
[BlackTeam "Ladya (W)"]
[WhiteTeamCountry "RUS"]
[BlackTeamCountry "RUS"]

1. d4 Nf6 2. c4 e6 3. Nc3 Bb4 4. e3 0-0 5. Bd3 d5 6. Nf3 b6 7. 0-0 Bb7 8. a3 Bd6 9. cxd5 exd5 10. b4 a6 11. Qb3 Qe7 12. Re1 Re8 13. Bb2 Nbd7 14. h3 h6 15. Bf5 Rab8 16. Rad1 c5 17. Bxd7 c4 18. Qc2 Nxd7 19. Re2 b5 20. Rde1 Nf6 21. e4 dxe4 22. Nd2 Qd7 23. Ndxe4 Nxe4 24. Nxe4 Bf8 25. Qc3 Bd5 26. Qg3 Bxe4 27. Rxe4 Rxe4 28. Rxe4 Rc8 29. d5 Qxd5 30. Rg4 g5 31. Qc3 f6 32. Rd4 Qe6 33. Qc2 f5 34. Qc3 Qe5 35. Qd2 Qe6 36. h4 Re8 37. Kf1 f4 38. hxg5 hxg5 39. Qd1 Qg6 40. Rd7 Qe6 41. Bc3 Re7 42. Rd8 Re8 43. Rd5 Qh6 44. Kg1 Re6 45. Qg4 Be7 46. Rf5 Bf6 47. Bd2 c3 48. Bxc3 Bxc3 49. Rxg5+ Kf7 50. Qf5+ Ke7 51. Qc5+ Kf7 52. Qc7+ Re7 53. Rf5+ Bf6 54. Qc1 Kg7 55. g3 Be5 56. Qc5 Qd6 57. Qc2 Qg6 58. Qc8 Bf6 59. Rxf4 Qh7 60. Kg2 Kf7 61. Qxa6 Qh6 62. Qxb5 Re1 63. Qd7+ Kf8 64. Qd6+ Kg7 65. Rg4+ Kf7 66. Qd7+ Kf8 67. Qd6+ Kf7 68. Qd5+ Ke7 69. Re4+ Rxe4 70. Qxe4+ Kf7 71. Qd5+ Ke7 72. b5 Qc1 73. a4 Qb2 74. Qe4+ Kf7 75. g4 Bd4 76. Qf5+ Kg7 77. a5 Bxf2 78. Qxf2 Qxb5 79. Qd2 Qc6+ 80. Kg3 Qc7+ 81. Kh4 Kh7 82. Qd3+ Kg7 83. Qd4+ Kh7 84. Qe4+ Kg7 85. Qd5 Qh2+ 86. Kg5 Qh6+ 87. Kf5 Qf6+ 88. Ke4 Qf1 89. Qg5+ Kh8 90. Qh6+ Kg8 91. Qe6+ Kh8 92. a6 Qb1+ 93. Ke5 Qa1+ 94. Kf5 Qb1+ 95. Kf6 Qg6+ 96. Ke7 Qg7+ 97. Ke8 Qc7 98. Qf6+ Kg8 99. Qf8+ 1-0

[Event "EU-Cup (Women) 19th"]
[Site "Bilbao"]
[Date "2014.09.14"]
[Round "1.2"]
[White "Haitovich, Avital"]
[Black "Zaiatz, Elena"]
[Result "0-1"]
[WhiteElo "1891"]
[BlackElo "2401"]
[PlyCount "80"]
[EventDate "2014.09.14"]
[EventType "team-swiss"]
[EventRounds "7"]
[EventCountry "ESP"]
[SourceTitle "CBM 162 Extra"]
[Source "ChessBase"]
[SourceDate "2014.10.17"]
[SourceVersion "1"]
[SourceVersionDate "2014.10.17"]
[SourceQuality "1"]
[WhiteTeam "Herzliya (W)"]
[BlackTeam "Ladya (W)"]
[WhiteTeamCountry "ISR"]
[BlackTeamCountry "RUS"]

1. e4 e5 2. Nf3 Nc6 3. Be2 Nf6 4. d3 d5 5. Nbd2 Be7 6. c3 a5 7. a4 0-0 8. 0-0 Re8 9. Re1 Bf8 10. Qc2 g6 11. Nf1 h6 12. h3 Bg7 13. Ne3 Be6 14. Nh2 d4 15. Neg4 Nxg4 16. Bxg4 f5 17. Bf3 f4 18. Rd1 h5 19. Bd2 Qd7 20. Rdc1 Qf7 21. Bd1 Rad8 22. Nf3 dxc3 23. bxc3 Bf6 24. Rab1 b6 25. d4 exd4 26. cxd4 Nxd4 27. Nxd4 Bxd4 28. Qxc7 Bxf2+ 29. Kxf2 Rxd2+ 30. Ke1 Rxg2 31. Qxf7+ Bxf7 32. Kf1 Rg3 33. Rxb6 Rxe4 34. Rc7 Re8 35. Rbb7 Bd5 36. Ra7 Rxh3 37. Bc2 Rf3+ 38. Kg2 Re2+ 39. Kg1 Re1+ 40. Kh2 Rf2+ 0-1

[Event "RUS-ch Higher League (Women) 64th"]
[Site "Vladivostok"]
[Date "2014.06.10"]
[Round "6"]
[White "Zaiatz, Elena"]
[Black "Shaydullina, Sandugach"]
[Result "1-0"]
[WhiteElo "2408"]
[BlackElo "2135"]
[PlyCount "93"]
[EventDate "2014.06.04"]
[EventType "swiss"]
[EventRounds "9"]
[EventCountry "RUS"]
[SourceTitle "CBM 160 Extra"]
[Source "ChessBase"]
[SourceDate "2014.07.01"]
[SourceVersion "1"]
[SourceVersionDate "2014.07.01"]
[SourceQuality "1"]

1. d4 d5 2. Nf3 Nf6 3. e3 c5 4. b3 cxd4 5. exd4 Nc6 6. Bb2 Bg4 7. Be2 e6 8. 0-0 Bd6 9. Ne5 Bxe2 10. Qxe2 0-0 11. Nd2 Rc8 12. c4 Bb8 13. Rac1 dxc4 14. Rxc4 Ne7 15. Rfc1 Rxc4 16. bxc4 Qa5 17. a3 Rd8 18. Ndf3 h6 19. Re1 Qa6 20. g4 Nd7 21. Rc1 Nxe5 22. dxe5 Ng6 23. Qe3 Bc7 24. Bd4 Ne7 25. Bc5 Nc6 26. g5 hxg5 27. Qxg5 Rd3 28. Ne1 Nxe5 29. Qe7 Rd7 30. Qf8+ Kh7 31. Rc3 Ng4 32. Rh3+ Nh6 33. Be3 e5 34. Bxh6 gxh6 35. Rg3 Qg6 36. Rxg6 fxg6 37. Qe8 Rg7 38. Nd3 g5 39. Nb4 Rg8 40. Qe6 h5 41. Qf7+ Rg7 42. Qxh5+ Kg8 43. Nd5 Rf7 44. Qg6+ Kf8 45. Qh6+ Ke8 46. Qh8+ Kd7 47. Qg8 1-0

[Event "RUS-ch Higher League (Women) 64th"]
[Site "Vladivostok"]
[Date "2014.06.07"]
[Round "4"]
[White "Zaiatz, Elena"]
[Black "Dogodkina, Julia"]
[Result "1-0"]
[WhiteElo "2408"]
[BlackElo "2183"]
[PlyCount "55"]
[EventDate "2014.06.04"]
[EventType "swiss"]
[EventRounds "9"]
[EventCountry "RUS"]
[SourceTitle "CBM 160 Extra"]
[Source "ChessBase"]
[SourceDate "2014.07.01"]
[SourceVersion "1"]
[SourceVersionDate "2014.07.01"]
[SourceQuality "1"]

1. d4 d5 2. Nf3 Nf6 3. e3 g6 4. c4 c6 5. Nc3 Bg7 6. Bd3 0-0 7. 0-0 e6 8. Qe2 Nbd7 9. Rd1 Nh5 10. e4 dxe4 11. Qxe4 Qc7 12. Bc2 b6 13. Qh4 Ba6 14. g4 Nhf6 15. b3 c5 16. Be3 Bb7 17. Ng5 cxd4 18. Bxd4 h6 19. Nge4 Qc6 20. f3 Nxe4 21. Bxe4 Bxd4+ 22. Rxd4 Qc5 23. Rad1 Bxe4 24. Nxe4 Ne5 25. Kg2 Qc6 26. Qxh6 f6 27. Nxf6+ Kf7 28. Qh7+ 1-0

[Event "RUS-chT (Women) 16th"]
[Site "Loo"]
[Date "2014.04.07"]
[Round "1.2"]
[White "Zaiatz, Elena"]
[Black "Charochkina, Daria"]
[Result "0-1"]
[WhiteElo "2414"]
[BlackElo "2380"]
[PlyCount "80"]
[EventDate "2014.04.07"]
[EventType "team-tourn"]
[EventRounds "6"]
[EventCountry "RUS"]
[SourceTitle "CBM 159 Extra"]
[Source "ChessBase"]
[SourceDate "2014.04.24"]
[SourceVersion "1"]
[SourceVersionDate "2014.04.24"]
[SourceQuality "1"]
[WhiteTeam "Kazan Ladya (W)"]
[BlackTeam "Moscow Inheritance (W)"]
[WhiteTeamCountry "RUS"]
[BlackTeamCountry "RUS"]

1. d4 Nf6 2. c4 g6 3. Nc3 d5 4. cxd5 Nxd5 5. e4 Nxc3 6. bxc3 Bg7 7. Be3 c5 8. Rc1 Qa5 9. Qd2 0-0 10. Nf3 Rd8 11. d5 e6 12. Be2 exd5 13. exd5 Bg4 14. c4 Qa3 15. 0-0 Nc6 16. Rb1 b6 17. Rb3 Qa4 18. Bh6 Bxh6 19. Qxh6 Bxf3 20. Rxf3 Nd4 21. Rh3 Nxe2+ 22. Kh1 Qxc4 23. Qxh7+ Kf8 24. Qh8+ Ke7 25. Qe5+ Kd7 26. Rf3 Nf4 27. Rg1 Nxd5 28. Rxf7+ Kc6 29. Rg7 Rd6 30. Qg3 Qf4 31. Rxg6 Qxg3 32. Rxg3 Rf8 33. f3 Nf4 34. Rg7 Nd3 35. Rb1 a5 36. Kg1 c4 37. a4 Rf4 38. Kf1 c3 39. Rb3 Rc4 40. Rg4 Rc5 0-1

[Event "RUS-chT (Women) 14th"]
[Site "Loo"]
[Date "2013.04.11"]
[Round "4"]
[White "Zaiatz, Elena"]
[Black "Mammadova, Gulnar Marfat Qizi"]
[Result "1/2-1/2"]
[WhiteElo "2430"]
[BlackElo "2322"]
[PlyCount "80"]
[EventDate "2013.04.07"]
[EventType "team-tourn"]
[EventRounds "7"]
[EventCountry "RUS"]
[SourceTitle "CBM 153 Extra"]
[Source "ChessBase"]
[SourceDate "2013.04.22"]
[SourceVersion "1"]
[SourceVersionDate "2013.04.22"]
[SourceQuality "1"]
[WhiteTeam "Kazan Ladya (W)"]
[BlackTeam "Chigorin CC (W)"]
[WhiteTeamCountry "RUS"]
[BlackTeamCountry "RUS"]

1. d4 d5 2. c4 c6 3. Nf3 Nf6 4. Nc3 e6 5. e3 Nbd7 6. Qc2 Bd6 7. Bd3 dxc4 8. Bxc4 Qe7 9. 0-0 e5 10. Bb3 0-0 11. Bd2 e4 12. Ng5 Bxh2+ 13. Kxh2 Ng4+ 14. Kg1 Qxg5 15. Qxe4 Ndf6 16. Qf4 Qxf4 17. exf4 Nh6 18. d5 cxd5 19. Nxd5 Nxd5 20. Bxd5 Rd8 21. Rfe1 Be6 22. Bxb7 Rab8 23. Ba5 Rf8 24. Bf3 Rxb2 25. a3 Nf5 26. Reb1 Rxb1+ 27. Rxb1 Nd4 28. Bd1 Rc8 29. Bd2 h6 30. Be3 Rd8 31. g4 Nb5 32. Rc1 Nxa3 33. f5 Bd7 34. Bxa7 Nb5 35. Be3 Rc8 36. Ra1 h5 37. gxh5 Bxf5 38. Ra5 Bd3 39. Bf3 Bc4 40. Kh2 Rd8 1/2-1/2